| 000 | 00855nam a2200193Ia 4500 | ||
|---|---|---|---|
| 008 | 130821s1890 ck gr spa | ||
| 040 |
_aCo-BoUCM _bspa |
||
| 041 | 0 | 0 | _aspa |
| 110 | 1 |
_aColombia. _bMinisterio de Relaciones Exteriores |
|
| 245 | 1 | 0 |
_aInforme del Ministerio de relaciones Exteriores de la República de Colombia al Congreso constitucional de 1890 _cMinisterio de Relaciones Exteriores, Antonio Roldán |
| 260 |
_aBogotá (Colombia) _bImprenta de la Nación _c1890 |
||
| 300 | _a2volúmenes | ||
| 651 | 7 |
_aColombia _bRelaciones internacionales _y1890 _926606 |
|
| 651 | 7 |
_aColombia _xAdministración pública _vInformes _y1890 _926606 |
|
| 651 | 1 | 4 |
_aColombia _bMinisterio de Relaciones Exteriores _vInformes _y1890 _926606 |
| 700 | 1 | _aRoldán, Antonio | |
| 942 |
_cLIBRO _a6 _e1 _mC718 _2DEWEY _h351.0006 |
||
| 999 |
_c62298 _d62298 |
||